| 000 | 004450000a22001810004500 | ||
|---|---|---|---|
| 003 | MACL | ||
| 005 | 20150705164623.0 | ||
| 008 | 150705b xxu||||| |||| 00| 0 eng d | ||
| 040 |
_aMACL _cMACL |
||
| 041 | _aEnglish | ||
| 082 | _a370/ROY | ||
| 100 |
_aRoy,Rajarshi _9992 |
||
| 245 | _aWomen Education and Development | ||
| 260 |
_a Delhi _bShipra Publications _c2009 |
||
| 350 | _a550 | ||
| 650 |
_aEducation _9993 |
||
| 942 |
_cBK _k370/ROY _2ddc |
||
| 999 |
_c46816 _d46816 |
||